| 000 | 00354nam a2200145Ia 4500 | ||
|---|---|---|---|
| 008 | 230312s9999||||xx |||||||||||||| ||und|| | ||
| 020 | _a007-131337-7 | ||
| 082 |
_a616.07 _bBRO-P |
||
| 100 | _aBrown;Earl.J | ||
| 245 | 0 | _aPathology 2017-2018 (Pre-test) | |
| 260 |
_bMcGraw Hill _aPak _c2017 |
||
| 300 | _a612 | ||
| 650 |
_aMedical _vPathology |
||
| 942 | _cBK | ||
| 999 |
_c5961 _d5961 |
||